[Event "9. Longericher Sommer-Open"]
[Site "9. Longericher Sommer-Open"]
[Date "2012.08.05"]
[Round "5.22"]
[White "Fieberg, Samuel"]
[Black "Gutt, Oswald"]
[Result "1/2-1/2"]
[WhiteElo "1745"]
[BlackElo "1857"]
[PlyCount "41"]
[EventDate "2012.??.??"]
[WhiteTeam "SG Porz e.V."]
[BlackTeam "Bergische SF 1923 Ber"]

1. e4 c5 2. Nf3 e6 3. d4 cxd4 4. Nxd4 a6 5. Nc3 Qc7 6. Be2 Nf6 7. O-O d6 8. a4
b6 9. f4 Bb7 10. Bf3 Nbd7 11. Re1 Be7 12. e5 dxe5 13. fxe5 Nd5 14. Nxd5 Bxd5
15. Bxd5 exd5 16. e6 Nf6 17. Nf5 O-O 18. Nxe7+ Qxe7 19. b3 Rfe8 20. Ba3 Qc7 21.
exf7+ 1/2-1/2

[Event "9. Longericher Sommer-Open"]
[Site "9. Longericher Sommer-Open"]
[Date "2012.08.05"]
[Round "5.24"]
[White "Runte, Dirk"]
[Black "Spradley, Julian"]
[Result "1-0"]
[WhiteElo "1639"]
[BlackElo "1924"]
[PlyCount "97"]
[EventDate "2012.??.??"]
[WhiteTeam "SV Fideler Bauer Lever"]
[BlackTeam "SV Erftstadt e.V."]

1. e4 c5 2. Nf3 Nc6 3. d4 cxd4 4. Nxd4 Nf6 5. Nc3 e5 6. Ndb5 d6 7. Bg5 a6 8.
Na3 b5 9. Nd5 Be7 10. Nxe7 Nxe7 11. Bxf6 gxf6 12. c3 f5 13. Bd3 fxe4 14. Bxe4
d5 15. Bc2 O-O 16. Qd3 e4 17. Qg3+ Kh8 18. O-O-O Qe8 19. Rhe1 Ra7 20. f3 f5 21.
Qe5+ Kg8 22. fxe4 dxe4 23. Bb3+ Rf7 24. Bxf7+ Kxf7 25. Rd6 Ng8 26. Qxe8+ Kxe8
27. Nc2 Re7 28. Nb4 Re6 29. Rxe6+ Bxe6 30. Nxa6 Bxa2 31. Nc7+ Ke7 32. Nxb5 Nf6
33. Nd4 Be6 34. b4 Nd5 35. Nxe6 Kxe6 36. Kd2 Ke5 37. b5 Nb6 38. Re3 Nc4+ 39.
Ke2 Nxe3 40. Kxe3 f4+ 41. Ke2 h5 42. h4 Kd5 43. c4+ Kc5 44. Kd2 Kb6 45. Kc2 Kc5
46. Kc3 Kb6 47. Kd4 e3 48. Kd3 Kc5 49. g3 1-0

[Event "9. Longericher Sommer-Open"]
[Site "9. Longericher Sommer-Open"]
[Date "2012.08.05"]
[Round "5.25"]
[White "Janssen, Wolfgang"]
[Black "Hübben, Dominik"]
[Result "0-1"]
[WhiteElo "1697"]
[BlackElo "1854"]
[PlyCount "120"]
[EventDate "2012.??.??"]
[WhiteTeam "SV Bayer Dormagen 47"]
[BlackTeam "Eschweiler SC 1921 e.V."]

1. Nf3 c5 2. e4 d6 3. Bb5+ Nc6 4. c4 Nf6 5. Nc3 e5 6. d3 Be7 7. Bg5 O-O 8. h3
Nd4 9. O-O h6 10. Bxf6 Bxf6 11. Nxd4 cxd4 12. Nd5 Be6 13. Nxf6+ Qxf6 14. Qd2
Qg6 15. Kh2 f5 16. f3 f4 17. Qf2 Qh5 18. Rac1 Kh7 19. c5 dxc5 20. Rxc5 b6 21.
Rc7 Rf6 22. Rfc1 Rd8 23. Bc4 Bxc4 24. R1xc4 a5 25. a4 Rdd6 26. b3 Rg6 27. Rf7
Rxg2+ 28. Qxg2 Qxf7 29. Qg4 Qg6 30. b4 axb4 31. Rxb4 Qxg4 32. hxg4 Rc6 33. Rb5
Rc3 34. Rxe5 Rxd3 35. Kg2 Ra3 36. Re6 Rxa4 37. Rxb6 Ra2+ 38. Kf1 d3 39. Rd6 Rd2
40. Rd4 Kg6 41. e5 Kg5 42. e6 Re2 43. Rd5+ Kh4 44. Rxd3 Rxe6 45. Kf2 Ra6 46.
Rd2 g5 47. Kg2 h5 48. gxh5 Kxh5 49. Kh3 Ra3 50. Kg2 g4 51. fxg4+ Kxg4 52. Rb2
Rh3 53. Rb4 Rg3+ 54. Kf2 Ra3 55. Rb2 Rh3 56. Rb4 Rh2+ 57. Kg1 Ra2 58. Kf1 Kg3
59. Rb3+ f3 60. Rb1 Rh2 0-1

[Event "9. Longericher Sommer-Open"]
[Site "9. Longericher Sommer-Open"]
[Date "2012.08.05"]
[Round "5.26"]
[White "Fieberg, Christoph"]
[Black "Lantsman, Boris"]
[Result "1/2-1/2"]
[WhiteElo "1765"]
[BlackElo "1778"]
[PlyCount "105"]
[EventDate "2012.??.??"]
[WhiteTeam "SG Porz e.V."]
[BlackTeam "SF Köln-Longerich 195"]

1. e4 e5 2. Nf3 Nc6 3. Bc4 Be7 4. O-O Nf6 5. c3 Nxe4 6. Re1 d5 7. Bb5 f6 8. d4
exd4 9. Nxd4 Qd7 10. f3 Nd6 11. Rxe7+ Kxe7 12. Ba4 Nc4 13. b3 Nb6 14. Ba3+ Kf7
15. Bb5 a6 16. Bd3 Nxd4 17. cxd4 Qe6 18. Qd2 Re8 19. Kf2 Nd7 20. Nc3 c6 21. Ne2
Kg8 22. Nf4 Qf7 23. g4 Nf8 24. Bc2 Ne6 25. Qd3 f5 26. Ne2 g6 27. Rg1 Ng5 28.
Nf4 fxg4 29. Bd6 Bf5 30. Qc3 Nxf3 31. Rg3 Bxc2 32. Rxg4 Be4 33. Kg3 Qf6 34. Bc5
h5 35. Nxh5 Qf5 36. Nf4 Re6 37. Nxe6 Qxe6 38. Qe3 Nxh2 39. Rf4 Nf3 40. Rxf3 Re8
41. Rf2 Bf5 42. Qxe6+ Rxe6 43. Kf3 Kg7 44. Rh2 Kg8 45. a4 Re1 46. a5 Re8 47.
Bd6 Rd8 48. Be5 Rd7 49. Rh8+ Kf7 50. Kf4 Ke6 51. Re8+ Re7 52. Rxe7+ Kxe7 53. b4
1/2-1/2